| Registos Bibliográficos associados ao registo de autoridade |
|
Etiqueta de registo: 00000nam 2200025 450 001 1916251 003 http://id.bnportugal.gov.pt/bib/catbnp/1916251 010 ## $a978-972-8690-85-4 021 ## $aPT$b382765/14 100 ## $a20151115d2014 m y0pory01030103ba 101 0# $apor 102 ## $aPT 105 ## $aa z 000yy 106 ## $ar 200 1# $aPrograma de educação moral e religiosa católica$efinalidades, meta, objetivos e conteúdos$fcoord. Secretariado Nacional da Educação Cristã$ged. Cristina Sá Carvalho... [et al.] 210 #9 $aMoscavide$cSecretariado Nacional da Educação Cristã,$d2014 215 ## $a168 p.$cil.$d23 cm 675 ## $a272-47(073)$vBN$zpor$31385579 702 #1 $aCarvalho,$bCristina Sá,$f1963-$4340$31626322 712 02 $aSecretariado Nacional da Educação Cristã$4340$31628909 801 #0 $aPT$bBN$gRPC 856 41 $uhttp://rnod.bnportugal.gov.pt/ImagesBN/winlibimg.aspx?skey=&doc=1916251&img=69528&save=true 900 ## $aBIBNAC$d20151207 966 ## $lBN$mFGMON$sR. 28505 V.$x1 966 ## $lBN$mFGMON$sR. 28505 V.-D$x1
|
|
|